000 00375nam a22001217a 4500
999 _c9540
_d9540
003 OSt
008 201209b ||||| |||| 00| 0 eng d
245 _aProceedings Mathematical Sciences
250 _a2010(Feb Vol.120 No.1, Apr Vol.120 No.2, Jun Vol.120 No.3, Sep Vol.120 No.4, Nov Vol.120 No.5)
260 _aBengaluru
_bSpringer
650 _aApplied Science
942 _2ddc
_cBV